[Event "SVK-ch U12"]
[Site "Liptovsky Mikulas"]
[Date "2007.04.23"]
[Round "2"]
[White "Pagerka, Martin"]
[Black "Sitar, Martin"]
[Result "1-0"]
[WhiteElo "2004"]
[BlackElo "1458"]
[PlyCount "55"]
[EventDate "2007.04.22"]
[EventType "swiss"]
[EventRounds "9"]
[EventCountry "SVK"]
[SourceTitle "EXT 2008"]
[Source "ChessBase"]
[SourceDate "2007.11.25"]
[SourceVersion "1"]
[SourceVersionDate "2007.11.25"]
[SourceQuality "1"]

1. e4 e5 2. Nf3 d6 3. Be2 b6 4. Nc3 Bb7 5. Bc4 Nh6 6. d3 g6 7. h4 f6 8. Be3 Ng8 9. Qe2 Nc6 10. a3 Qd7 11. 0-0-0 Na5 12. Ba2 Nc6 13. d4 0-0-0 14. dxe5 Nxe5 15. Nd4 Kb8 16. f4 Nc6 17. h5 Nxd4 18. Bxd4 Bg7 19. hxg6 hxg6 20. Rxh8 Bxh8 21. Rh1 Bg7 22. Rh7 Re8 23. Nd5 c5 24. Bxf6 Nxf6 25. Nxf6 Qe7 26. Nxe8 Qxe8 27. Rxg7 Bxe4 28. Rg8 1-0